000 00903cam a2200241 4500
008 000000n2001 000 0 eng u
020 _a0632055642
035 _a(Sirsi) u100792
041 _aeng
050 _a658.562
100 _aMcCabe, S.
245 _aBenchmarking in construction.
260 _aOxford
_bBlackwell Science
_c2001
300 _axiv, 290p. ; 24cm.
350 _a37.50
520 _aFocusing on benchmarking and key performance indicators, this book explains the thinking behind benchmarking and why firms must now adopt it. It shows how to set up effective benchmarking, examines the theoretical background and offers practical guidance with reference to case studies.
650 _aBENCHMARKING
650 _aKEY PERFORMANCE INDICATORS
650 _aBEST PRACTICE
650 _aCONSTRUCTION INDUSTRY
690 _aBUILDING AND CONSTRUCTION-MANAGEMENT
942 _n0
999 _c99834
_d99834